[Event "Tradewise Gibraltar ChallWk2"]
[Site "Gibraltar"]
[Date "2017.01.30"]
[Round "3.20"]
[White "Odeh, Kenneth"]
[Black "Korning, Peter"]
[Result "1/2-1/2"]
[WhiteElo "1969"]
[BlackElo "2080"]
[PlyCount "114"]
[EventDate "2017.01.28"]
[EventType "swiss"]
[EventRounds "5"]
[EventCountry "GGB"]
[SourceTitle "BritBase"]
[Source "www.saund.co.uk"]
[SourceDate "2018.02.10"]
[SourceVersion "1"]
[SourceVersionDate "2018.02.10"]
[SourceQuality "1"]

1. e4 e5 2. Nf3 Nc6 3. Bb5 a6 4. Bxc6 dxc6 5. O-O Bg4 6. h3 Bh5 7. g4 Bg6 8.
Nxe5 Qh4 9. Qf3 f6 10. Nxg6 hxg6 11. Kg2 Bd6 12. Nc3 Ne7 13. d4 O-O-O 14. Ne2
g5 15. Rh1 Kb8 16. Ng3 Qh7 17. c3 Ng6 18. Nf5 Bf4 19. Be3 Bxe3 20. fxe3 Rhe8
21. Rhe1 Re6 22. d5 Re5 23. Kf1 cxd5 24. Rad1 Qg8 25. exd5 Rdxd5 26. Rxd5 Rxd5
27. Rd1 Rxd1+ 28. Qxd1 Qc4+ 29. Kf2 Qxa2 30. Qd8+ Ka7 31. Qxc7 Qxb2+ 32. Ke1
Ne5 33. Qc5+ Qb6 34. Qxb6+ Kxb6 35. Nxg7 Kc5 36. Nf5 a5 37. Kd2 b5 38. Kc2 Nc4
39. Kd3 a4 40. Nd4 Ne5+ 41. Kc2 Kc4 42. Nf5 Kd5 43. Nd4 Kc4 44. Nf5 Nf7 45. e4
a3 46. Ne3+ Kc5 47. Nd5 Ne5 48. Nxf6 b4 49. cxb4+ Kxb4 50. Nd5+ Kc4 51. Ne3+
Kd4 52. Nf5+ Kxe4 53. h4 gxh4 54. Nxh4 Nc4 55. Kb3 Kf4 56. Nf5 Kxg4 57. Ne3+
Nxe3 1/2-1/2

[Event "Tradewise Gibraltar ChallWk2"]
[Site "Gibraltar"]
[Date "2017.01.30"]
[Round "3.21"]
[White "Romero Valencia, Fernando"]
[Black "O'Neil, Jim"]
[Result "1-0"]
[WhiteElo "2078"]
[BlackElo "1950"]
[PlyCount "55"]
[EventDate "2017.01.28"]
[EventType "swiss"]
[EventRounds "5"]
[EventCountry "GGB"]
[SourceTitle "BritBase"]
[Source "www.saund.co.uk"]
[SourceDate "2018.02.10"]
[SourceVersion "1"]
[SourceVersionDate "2018.02.10"]
[SourceQuality "1"]

1. f4 d5 2. Nf3 c5 3. d3 Nc6 4. g3 g6 5. Bg2 Bg7 6. O-O e6 7. c3 Nge7 8. Qe1 b6
9. e4 Bb7 10. Na3 Qd7 11. Nc2 O-O-O 12. e5 h5 13. a4 Nf5 14. a5 b5 15. a6 Ba8
16. Na3 Nce7 17. Ng5 Rdf8 18. Qf2 Qc6 19. b4 f6 20. Nxb5 Qxb5 21. Nxe6 fxe5 22.
Ra5 Qxa5 23. bxa5 Rf6 24. Qxc5+ Kd7 25. Nxg7 Nxg7 26. Qxa7+ Ke6 27. Bh3+ Kf7
28. Ba3 1-0

[Event "Tradewise Gibraltar ChallWk2"]
[Site "Gibraltar"]
[Date "2017.01.30"]
[Round "3.22"]
[White "Ungureanu, Sandu"]
[Black "Christophe-Hayot, Romain"]
[Result "1-0"]
[WhiteElo "2071"]
[BlackElo "1784"]
[PlyCount "73"]
[EventDate "2017.01.28"]
[EventType "swiss"]
[EventRounds "5"]
[EventCountry "GGB"]
[SourceTitle "BritBase"]
[Source "www.saund.co.uk"]
[SourceDate "2018.02.10"]
[SourceVersion "1"]
[SourceVersionDate "2018.02.10"]
[SourceQuality "1"]

1. g3 c5 2. Bg2 Nc6 3. c4 e5 4. Nc3 Nf6 5. d3 Be7 6. Bg5 Qb6 7. Qd2 Qa5 8. Nf3
d6 9. O-O Bg4 10. h3 Bh5 11. g4 Bg6 12. Bxf6 gxf6 13. Nd5 Qd8 14. b4 Rb8 15. b5
Nd4 16. Nxd4 exd4 17. e4 h5 18. Qf4 hxg4 19. hxg4 Rh4 20. f3 Kd7 21. Kf2 Qa5
22. a4 Rbh8 23. Rfd1 R8h6 24. Qd2 Qd8 25. Rh1 Bf8 26. a5 Rh7 27. Rxh4 Rxh4 28.
Qf4 Bg7 29. a6 b6 30. Rh1 Qh8 31. Rxh4 Qxh4+ 32. Qg3 Qh6 33. f4 Bh8 34. Qh3
Qxh3 35. Bxh3 Kd8 36. Nxb6 axb6 37. a7 1-0

[Event "Tradewise Gibraltar ChallWk2"]
[Site "Gibraltar"]
[Date "2017.01.30"]
[Round "3.23"]
[White "Hubbard, Michael"]
[Black "Lochte, Thomas"]
[Result "0-1"]
[WhiteElo "1909"]
[BlackElo "2070"]
[PlyCount "62"]
[EventDate "2017.01.28"]
[EventType "swiss"]
[EventRounds "5"]
[EventCountry "GGB"]
[SourceTitle "BritBase"]
[Source "www.saund.co.uk"]
[SourceDate "2018.02.10"]
[SourceVersion "1"]
[SourceVersionDate "2018.02.10"]
[SourceQuality "1"]

1. Nf3 Nf6 2. g3 d5 3. Bg2 c5 4. O-O Nc6 5. d3 e5 6. Nbd2 Bg4 7. h3 Bf5 8. c4
d4 9. a3 Qd7 10. Kh2 Be7 11. Nh4 Be6 12. Nhf3 h5 13. Rb1 g5 14. b4 g4 15. b5
gxf3 16. bxc6 bxc6 17. Nxf3 e4 18. Ne5 Qc7 19. Qa4 Rc8 20. f4 exf3 21. Nxf3
Ng4+ 22. Kg1 Qxg3 23. Qd1 Ne3 24. Bxe3 Bxh3 25. Ne1 Qxe3+ 26. Kh1 Bxg2+ 27.
Nxg2 Qh3+ 28. Kg1 Rg8 29. Rf2 Bd6 30. e3 dxe3 31. Qe2 Qh2+ 0-1

[Event "Tradewise Gibraltar ChallWk2"]
[Site "Gibraltar"]
[Date "2017.01.30"]
[Round "3.24"]
[White "Stuhlmann, Alexander"]
[Black "Kozarcanin, Sead"]
[Result "0-1"]
[WhiteElo "1906"]
[BlackElo "2069"]
[PlyCount "38"]
[EventDate "2017.01.28"]
[EventType "swiss"]
[EventRounds "5"]
[EventCountry "GGB"]
[SourceTitle "BritBase"]
[Source "www.saund.co.uk"]
[SourceDate "2018.02.10"]
[SourceVersion "1"]
[SourceVersionDate "2018.02.10"]
[SourceQuality "1"]

1. c4 Nf6 2. Nc3 e6 3. g3 d5 4. cxd5 exd5 5. Bg2 c6 6. d3 d4 7. Ne4 Be7 8.
Nxf6+ Bxf6 9. Nf3 O-O 10. O-O Re8 11. Nd2 Na6 12. Ne4 Be7 13. h4 h6 14. Qb3 Qb6
15. Qxb6 axb6 16. Bf4 Nb4 17. a3 Nd5 18. Be5 Bc5 19. Rfe1 Rxe5 0-1

[Event "Tradewise Gibraltar ChallWk2"]
[Site "Gibraltar"]
[Date "2017.01.30"]
[Round "3.25"]
[White "Diaz Mino, Pablo"]
[Black "Aroven, Mikael"]
[Result "1-0"]
[WhiteElo "1834"]
[BlackElo "2172"]
[PlyCount "63"]
[EventDate "2017.01.28"]
[EventType "swiss"]
[EventRounds "5"]
[EventCountry "GGB"]
[SourceTitle "BritBase"]
[Source "www.saund.co.uk"]
[SourceDate "2018.02.10"]
[SourceVersion "1"]
[SourceVersionDate "2018.02.10"]
[SourceQuality "1"]

1. d4 d6 2. c4 g6 3. Nc3 Bg7 4. e4 Nc6 5. Nge2 e5 6. d5 Nce7 7. Ng3 Nf6 8. f3
c6 9. Be3 h5 10. Qd2 c5 11. Bd3 Bd7 12. Bc2 Qa5 13. O-O h4 14. Nge2 Nh5 15. a3
Qc7 16. Ba4 f5 17. Bxd7+ Qxd7 18. f4 fxe4 19. Nxe4 Nf5 20. Ng5 O-O-O 21. Ne6
Rde8 22. fxe5 Bxe5 23. Bf4 Nxf4 24. N2xf4 Qh7 25. h3 Qh6 26. Qa5 Kb8 27. Qc7+
Ka8 28. Qd7 Rxe6 29. Nxe6 Qe3+ 30. Rf2 Bg3 31. Nd8 Bxf2+ 32. Kh1 1-0

[Event "Tradewise Gibraltar ChallWk2"]
[Site "Gibraltar"]
[Date "2017.01.30"]
[Round "3.26"]
[White "Alberto, Manuel"]
[Black "Suez-Panama, Gilles"]
[Result "0-1"]
[WhiteElo "2168"]
[BlackElo "2010"]
[PlyCount "52"]
[EventDate "2017.01.28"]
[EventType "swiss"]
[EventRounds "5"]
[EventCountry "GGB"]
[SourceTitle "BritBase"]
[Source "www.saund.co.uk"]
[SourceDate "2018.02.10"]
[SourceVersion "1"]
[SourceVersionDate "2018.02.10"]
[SourceQuality "1"]

1. e4 e6 2. d4 d5 3. e5 c5 4. c3 Nc6 5. Nf3 Nge7 6. Bd3 Nf5 7. Bxf5 exf5 8. O-O
cxd4 9. cxd4 Be7 10. Nc3 Be6 11. Ne2 g5 12. Ne1 f4 13. Bd2 Bg4 14. f3 Bf5 15.
Qb3 Rb8 16. Rc1 O-O 17. Kh1 Na5 18. Bxa5 Qxa5 19. Nc3 Rfd8 20. Nc2 Bd3 21. Nxd5
Bxf1 22. Nxe7+ Kf8 23. Nf5 Bxg2+ 24. Kg1 Bh3 25. Nd6 Rxd6 26. exd6 Qd2 0-1

[Event "Tradewise Gibraltar ChallWk2"]
[Site "Gibraltar"]
[Date "2017.01.30"]
[Round "3.27"]
[White "Mottonen, Ari"]
[Black "Havik, Victor"]
[Result "0-1"]
[WhiteElo "1997"]
[BlackElo "2074"]
[PlyCount "80"]
[EventDate "2017.01.28"]
[EventType "swiss"]
[EventRounds "5"]
[EventCountry "GGB"]
[SourceTitle "BritBase"]
[Source "www.saund.co.uk"]
[SourceDate "2018.02.10"]
[SourceVersion "1"]
[SourceVersionDate "2018.02.10"]
[SourceQuality "1"]

1. Nf3 d5 2. g3 Nf6 3. Bg2 c6 4. O-O Bf5 5. d3 h6 6. Nbd2 Nbd7 7. Qe1 e6 8. e4
dxe4 9. dxe4 Bh7 10. Nd4 Be7 11. c3 O-O 12. f3 c5 13. Nc2 Ne5 14. Qe2 Qd3 15.
Qxd3 Nxd3 16. Nc4 b5 17. N4e3 Rfd8 18. Rd1 a6 19. b3 Ne8 20. Bd2 Nb2 21. Rdb1
Rxd2 22. Rxb2 Bf6 23. Rd1 Rad8 24. Rbb1 Bxc3 25. Rxd2 Rxd2 26. Rd1 Rxd1+ 27.
Nxd1 Ba5 28. Kf2 f5 29. Bh3 Kf7 30. exf5 Bxf5 31. Bxf5 exf5 32. Nb2 Bb6 33. Ke2
Ke6 34. Kd3 Nc7 35. Ne3 Nd5 36. Nxd5 Kxd5 37. h3 Bc7 38. g4 fxg4 39. fxg4 Be5
40. Nd1 Bd4 0-1

[Event "Tradewise Gibraltar ChallWk2"]
[Site "Gibraltar"]
[Date "2017.01.30"]
[Round "3.28"]
[White "Ebner, Johann"]
[Black "Cholleti, Sahajasri"]
[Result "1/2-1/2"]
[WhiteElo "2066"]
[BlackElo "1987"]
[PlyCount "36"]
[EventDate "2017.01.28"]
[EventType "swiss"]
[EventRounds "5"]
[EventCountry "GGB"]
[SourceTitle "BritBase"]
[Source "www.saund.co.uk"]
[SourceDate "2018.02.10"]
[SourceVersion "1"]
[SourceVersionDate "2018.02.10"]
[SourceQuality "1"]

1. d4 Nf6 2. c4 e6 3. Nf3 d5 4. Nc3 Bb4 5. Bg5 h6 6. Bxf6 Qxf6 7. e3 O-O 8. a3
Bxc3+ 9. bxc3 c5 10. Bd3 b6 11. O-O Nd7 12. cxd5 exd5 13. e4 dxe4 14. Bxe4 Ba6
15. Re1 Rab8 16. Qc2 Qd6 17. Qa4 b5 18. Qd1 Nf6 1/2-1/2

[Event "Tradewise Gibraltar ChallWk2"]
[Site "Gibraltar"]
[Date "2017.01.30"]
[Round "3.30"]
[White "Spanton, Tim R"]
[Black "Ruston, Mark R"]
[Result "0-1"]
[WhiteElo "1964"]
[BlackElo "2047"]
[PlyCount "70"]
[EventDate "2017.01.28"]
[EventType "swiss"]
[EventRounds "5"]
[EventCountry "GGB"]
[SourceTitle "BritBase"]
[Source "www.saund.co.uk"]
[SourceDate "2018.02.10"]
[SourceVersion "1"]
[SourceVersionDate "2018.02.10"]
[SourceQuality "1"]

1. c4 e6 2. g3 d5 3. Nf3 Nf6 4. Bg2 Be7 5. O-O O-O 6. d4 Nbd7 7. b3 Ne4 8. Bb2
c6 9. Nbd2 f5 10. Ne5 Nxd2 11. Qxd2 Qe8 12. Rae1 g5 13. f3 Nxe5 14. dxe5 dxc4
15. bxc4 Qg6 16. f4 Rd8 17. Qc2 Bc5+ 18. Kh1 g4 19. e4 h5 20. Rd1 Bd7 21. Qc3
Kf7 22. Rfe1 h4 23. exf5 Qxf5 24. Be4 Qh5 25. f5 hxg3 26. fxe6+ Bxe6 27. Qxg3
Ke7 28. Rf1 Bxc4 29. Qc3 Rxd1 30. Rxd1 g3 31. Rd2 Bf2 32. Ba3+ Ke8 33. Rxf2
Qd1+ 34. Kg2 gxf2 35. Bg6+ Kd8 0-1

[Event "Tradewise Gibraltar ChallWk2"]
[Site "Gibraltar"]
[Date "2017.01.30"]
[Round "3.31"]
[White "Cramling Bellon, Anna Yolanda"]
[Black "Hamer, Martyn"]
[Result "1/2-1/2"]
[WhiteElo "1954"]
[BlackElo "2039"]
[PlyCount "48"]
[EventDate "2017.01.28"]
[EventType "swiss"]
[EventRounds "5"]
[EventCountry "GGB"]
[SourceTitle "BritBase"]
[Source "www.saund.co.uk"]
[SourceDate "2018.02.10"]
[SourceVersion "1"]
[SourceVersionDate "2018.02.10"]
[SourceQuality "1"]

1. d4 Nc6 2. d5 Ne5 3. e4 e6 4. dxe6 fxe6 5. Nc3 b6 6. f4 Nc6 7. Bd2 Bb7 8.
Qh5+ g6 9. Qh3 Bg7 10. O-O-O Qf6 11. Nf3 O-O-O 12. Kb1 Kb8 13. f5 h6 14. fxe6
Qxe6 15. Qxe6 dxe6 16. Bc4 e5 17. h4 Nge7 18. Nd5 Nxd5 19. Bxd5 Nd4 20. Bxb7
Kxb7 21. Be3 Rhf8 22. c3 Ne6 23. Rxd8 Rxd8 24. Kc2 h5 1/2-1/2

[Event "Tradewise Gibraltar ChallWk2"]
[Site "Gibraltar"]
[Date "2017.01.30"]
[Round "3.32"]
[White "Wilen, Eero"]
[Black "Ramirez Dominguez, Agustin"]
[Result "1-0"]
[WhiteElo "2035"]
[BlackElo "1947"]
[PlyCount "49"]
[EventDate "2017.01.28"]
[EventType "swiss"]
[EventRounds "5"]
[EventCountry "GGB"]
[SourceTitle "BritBase"]
[Source "www.saund.co.uk"]
[SourceDate "2018.02.10"]
[SourceVersion "1"]
[SourceVersionDate "2018.02.10"]
[SourceQuality "1"]

1. Nf3 f5 2. c4 Nf6 3. Nc3 d6 4. d3 g6 5. g3 Bg7 6. Bg2 e5 7. O-O O-O 8. Rb1
Qe8 9. Qc2 c6 10. b4 e4 11. Ng5 h6 12. Nh3 g5 13. Kh1 Qh5 14. Ng1 exd3 15. Qxd3
Be6 16. Bb2 Nbd7 17. Qxd6 Bxc4 18. b5 Ng4 19. h3 Ndf6 20. bxc6 bxc6 21. Qc5 Bf7
22. Bf3 Nd7 23. Qxf5 Bd5 24. Qxg4 Bxf3+ 25. Nxf3 1-0

[Event "Tradewise Gibraltar ChallWk2"]
[Site "Gibraltar"]
[Date "2017.01.30"]
[Round "3.33"]
[White "Mayank, Pal"]
[Black "Bryn, Askild"]
[Result "0-1"]
[WhiteElo "1919"]
[BlackElo "2018"]
[PlyCount "124"]
[EventDate "2017.01.28"]
[EventType "swiss"]
[EventRounds "5"]
[EventCountry "GGB"]
[SourceTitle "BritBase"]
[Source "www.saund.co.uk"]
[SourceDate "2018.02.10"]
[SourceVersion "1"]
[SourceVersionDate "2018.02.10"]
[SourceQuality "1"]

1. e4 c6 2. d4 d5 3. Nc3 dxe4 4. Nxe4 Nf6 5. Nxf6+ gxf6 6. Nf3 Bg4 7. Be3 e6 8.
a3 Nd7 9. c4 Nb6 10. Rc1 Rc8 11. Be2 c5 12. dxc5 Qxd1+ 13. Kxd1 Bxc5 14. Bxc5
Rxc5 15. b3 Ke7 16. Rc2 Rhc8 17. Bd3 Nd7 18. Kc1 Bxf3 19. gxf3 Ne5 20. Be2 Nc6
21. Rd2 Rh5 22. h4 Rf5 23. Rhd1 Rc7 24. Rg1 h5 25. Rd3 Rf4 26. Rh1 Ne5 27. Re3
b5 28. Re4 Rxe4 29. fxe4 bxc4 30. b4 Nd3+ 31. Bxd3 cxd3+ 32. Kd2 Rc2+ 33. Ke3
Re2+ 34. Kf3 f5 35. exf5 e5 36. Rd1 e4+ 37. Kf4 d2 38. Ke5 Rxf2 39. Kxe4 Rh2
40. Kd5 Kf6 41. a4 Kxf5 42. b5 Rxh4 43. a5 Ra4 44. a6 Ra2 45. Kc6 Rb2 46. Kb7
Rxb5+ 47. Kxa7 Rb2 48. Ka8 Kf4 49. a7 Ra2 50. Kb8 Ke3 51. Rh1 Kd3 52. Rh3+ Kc2
53. Rh2 Rxa7 54. Kxa7 Kc1 55. Rxh5 d1=Q 56. Rc5+ Kb2 57. Rb5+ Kc3 58. Rc5+ Kb4
59. Rc7 Qd4+ 60. Kb7 f5 61. Rc1 Qe4+ 62. Ka6 Qc4+ 0-1

[Event "Tradewise Gibraltar ChallWk2"]
[Site "Gibraltar"]
[Date "2017.01.30"]
[Round "3.34"]
[White "Miracola, Giorgia"]
[Black "Pleasants, Allan J"]
[Result "1/2-1/2"]
[WhiteElo "1924"]
[BlackElo "2018"]
[PlyCount "84"]
[EventDate "2017.01.28"]
[EventType "swiss"]
[EventRounds "5"]
[EventCountry "GGB"]
[SourceTitle "BritBase"]
[Source "www.saund.co.uk"]
[SourceDate "2018.02.10"]
[SourceVersion "1"]
[SourceVersionDate "2018.02.10"]
[SourceQuality "1"]

1. e4 d6 2. d4 g6 3. Nc3 Bg7 4. Be3 Nc6 5. Qd2 Nf6 6. f3 O-O 7. O-O-O e5 8. d5
Ne7 9. g4 Ne8 10. h4 f5 11. Bh6 f4 12. Bxg7 Nxg7 13. h5 gxh5 14. gxh5 Kh8 15.
Nh3 Ng8 16. Qh2 Nh6 17. Be2 Rg8 18. Rdg1 Qh4 19. Qg2 Bxh3 20. Rxh3 Qf6 21. Qf2
a6 22. Qh2 Raf8 23. Rg6 hxg6 24. hxg6 Nh5 25. Rxh5 Rxg6 26. Rf5 Qg7 27. Qh5 Rg8
28. Qh4 Qh7 29. Rh5 Qg7 30. Nd1 Kh7 31. Qh3 Rg5 32. Rh4 Rg3 33. Qf5+ Qg6 34.
Qd7+ Rg7 35. Qc8 Rg1 36. Kd2 Qg3 37. Qf5+ Qg6 38. Qc8 Qg5 39. Rh2 Qg3 40. Qf5+
Qg6 41. Qc8 Rg2 42. Rh3 Qg5 1/2-1/2

[Event "Tradewise Gibraltar ChallWk2"]
[Site "Gibraltar"]
[Date "2017.01.30"]
[Round "3.35"]
[White "Herzwurm, Robert"]
[Black "Gostelow, David W"]
[Result "1/2-1/2"]
[WhiteElo "2143"]
[BlackElo "1970"]
[PlyCount "26"]
[EventDate "2017.01.28"]
[EventType "swiss"]
[EventRounds "5"]
[EventCountry "GGB"]
[SourceTitle "BritBase"]
[Source "www.saund.co.uk"]
[SourceDate "2018.02.10"]
[SourceVersion "1"]
[SourceVersionDate "2018.02.10"]
[SourceQuality "1"]

1. e4 c5 2. Nc3 e6 3. f4 d5 4. Bb5+ Nc6 5. Bxc6+ bxc6 6. d3 Ba6 7. Nf3 Be7 8.
O-O Rb8 9. Re1 Nf6 10. b3 Qc7 11. e5 Nd7 12. Na4 Nb6 13. Nxb6 axb6 1/2-1/2

[Event "Tradewise Gibraltar ChallWk2"]
[Site "Gibraltar"]
[Date "2017.01.31"]
[Round "4.1"]
[White "Dolzhikova, Olga"]
[Black "Damia, Angelo"]
[Result "1/2-1/2"]
[WhiteElo "2164"]
[BlackElo "2233"]
[PlyCount "188"]
[EventDate "2017.01.28"]
[EventType "swiss"]
[EventRounds "5"]
[EventCountry "GGB"]
[SourceTitle "BritBase"]
[Source "www.saund.co.uk"]
[SourceDate "2018.02.10"]
[SourceVersion "1"]
[SourceVersionDate "2018.02.10"]
[SourceQuality "1"]

1. e4 Nc6 2. Nc3 Nf6 3. d4 e6 4. Nf3 Bb4 5. Bd3 d5 6. exd5 exd5 7. O-O Bg4 8.
Re1+ Be7 9. Be2 Ne4 10. Nxe4 dxe4 11. Ne5 Nxe5 12. Bxg4 Nxg4 13. Qxg4 Qxd4 14.
Bg5 f6 15. Rxe4 Qd7 16. Qe2 Kf7 17. Rd1 Bd6 18. Qc4+ Kg6 19. Bf4 Rhe8 20. Bxd6
cxd6 21. Rg4+ Kh5 22. h3 g5 23. Rgd4 Rac8 24. Qd3 Rc6 25. c4 Kh6 26. h4 Re6 27.
Rd5 Qe7 28. hxg5+ fxg5 29. Qh3+ Kg6 30. Qf5+ Kh6 31. R1d4 Re1+ 32. Kh2 Re5 33.
Qd3 Rxd5 34. Rxd5 Qf6 35. Rf5 Qe7 36. Qd4 Kg6 37. Qd3 Kg7 38. Qg3 Rc5 39. Rxc5
dxc5 40. b3 b6 41. Qc3+ Qf6 42. Qe3 Qd6+ 43. g3 Qf6 44. a3 h6 45. b4 cxb4 46.
axb4 Qd6 47. c5 bxc5 48. bxc5 Qc7 49. Qd4+ Kf7 50. Qd5+ Kf6 51. c6 Ke7 52. Qc5+
Ke6 53. Qf8 h5 54. Qh6+ Kf5 55. Qf8+ Ke6 56. Qg8+ Kf5 57. Qd5+ Kf6 58. Qd4+ Ke6
59. Qe4+ Kf6 60. Qe8 h4 61. Qf8+ Ke6 62. Qh6+ Kf5 63. Qf8+ Kg4 64. f3+ Kh5 65.
Qh8+ Kg6 66. Qe8+ Kf6 67. Qf8+ Ke6 68. Qh6+ Kf5 69. Qf8+ Ke6 70. Qh6+ Kf5 71.
Qf8+ Kg6 72. Qg8+ Kf6 73. Qf8+ Ke5 74. f4+ Ke4 75. Qb4+ Kf3 76. Qb3+ Kf2 77.
Qc2+ Kf3 78. Qg2+ Ke3 79. fxg5 a5 80. Kh3 Qc8+ 81. Kxh4 Qh8+ 82. Kg4 Qc8+ 83.
Kh5 Qh8+ 84. Kg6 Qg8+ 85. Kf6 Qf8+ 86. Ke6 Qe8+ 87. Kd6 Qd8+ 88. Kc5 a4 89.
Qg1+ Kf3 90. Qd4 Qxg5+ 91. Qd5+ Qxd5+ 92. Kxd5 a3 93. c7 a2 94. c8=Q a1=Q
1/2-1/2

[Event "Tradewise Gibraltar ChallWk2"]
[Site "Gibraltar"]
[Date "2017.01.31"]
[Round "4.2"]
[White "Kulkarni, Chinmay"]
[Black "Carrascoso Morales, Abel"]
[Result "1-0"]
[WhiteElo "2208"]
[BlackElo "2200"]
[PlyCount "99"]
[EventDate "2017.01.28"]
[EventType "swiss"]
[EventRounds "5"]
[EventCountry "GGB"]
[SourceTitle "BritBase"]
[Source "www.saund.co.uk"]
[SourceDate "2018.02.10"]
[SourceVersion "1"]
[SourceVersionDate "2018.02.10"]
[SourceQuality "1"]

1. e4 c5 2. c3 Nf6 3. e5 Nd5 4. Nf3 e6 5. d4 cxd4 6. cxd4 d6 7. Bc4 Nb6 8. Bb3
dxe5 9. Nxe5 Nc6 10. Nf3 Be7 11. O-O Bf6 12. Be3 O-O 13. Nc3 Na5 14. Bc2 Nd5
15. Ne4 Be7 16. Bc1 Bd7 17. Ne5 Be8 18. a3 Rc8 19. Re1 Qc7 20. Bd3 f6 21. Nf3
Bf7 22. Bd2 Nc6 23. b4 Rfe8 24. Rc1 a6 25. Nc5 Bd6 26. Qc2 f5 27. g3 Bh5 28.
Ng5 Nxd4 29. Qb2 Be5 30. Qa2 Nf3+ 31. Nxf3 Bxf3 32. Nxe6 Qxc1 33. Bxc1 Nc3 34.
Qd2 Ne4 35. Bxe4 Bxe4 36. Nc5 Rcd8 37. Qe2 Bc6 38. Be3 f4 39. gxf4 Rd6 40. f3
Rg6+ 41. Kf2 Bf6 42. Qc4+ Kh8 43. Ne4 Bh4+ 44. Ng3 Bb5 45. Qc3 Rd6 46. Bc5 Rxe1
47. Qxe1 Rd8 48. Be7 Bxe7 49. Qxe7 Rd2+ 50. Ke1 1-0

[Event "Tradewise Gibraltar ChallWk2"]
[Site "Gibraltar"]
[Date "2017.01.31"]
[Round "4.3"]
[White "Renteria, Jorge"]
[Black "Santos Izquierdo, Francisco J"]
[Result "1-0"]
[WhiteElo "2242"]
[BlackElo "2133"]
[PlyCount "75"]
[EventDate "2017.01.28"]
[EventType "swiss"]
[EventRounds "5"]
[EventCountry "GGB"]
[SourceTitle "BritBase"]
[Source "www.saund.co.uk"]
[SourceDate "2018.02.10"]
[SourceVersion "1"]
[SourceVersionDate "2018.02.10"]
[SourceQuality "1"]

1. e4 d5 2. exd5 Nf6 3. Bb5+ Nbd7 4. d4 Nxd5 5. Nf3 g6 6. O-O Bg7 7. c4 c6 8.
Bxc6 bxc6 9. cxd5 cxd5 10. Nc3 Nf6 11. Ne5 O-O 12. Re1 Be6 13. Na4 Bd7 14. Nc5
Be8 15. b3 Ne4 16. Nxe4 dxe4 17. Rxe4 Qd5 18. Re1 Bb5 19. Ba3 Rfe8 20. Rc1 Rad8
21. Rc5 Qb7 22. Qf3 Qxf3 23. Nxf3 a6 24. Bb2 e6 25. Rc7 Rc8 26. Rec1 Rxc7 27.
Rxc7 Bf6 28. Ba3 g5 29. h3 Rd8 30. Be7 Bxe7 31. Rxe7 Rd5 32. Ne5 f6 33. Ng4
Rxd4 34. a4 Be2 35. Nxf6+ Kf8 36. Rxe6 Bd3 37. Rb6 a5 38. Rb7 1-0

[Event "Tradewise Gibraltar ChallWk2"]
[Site "Gibraltar"]
[Date "2017.01.31"]
[Round "4.4"]
[White "De Graaf, Dick"]
[Black "Osuna Vega, Enrique"]
[Result "1-0"]
[WhiteElo "2194"]
[BlackElo "2181"]
[PlyCount "70"]
[EventDate "2017.01.28"]
[EventType "swiss"]
[EventRounds "5"]
[EventCountry "GGB"]
[SourceTitle "BritBase"]
[Source "www.saund.co.uk"]
[SourceDate "2018.02.10"]
[SourceVersion "1"]
[SourceVersionDate "2018.02.10"]
[SourceQuality "1"]

1. e4 c5 2. Nf3 Nf6 3. Nc3 Nc6 4. d4 d5 5. exd5 Nxd5 6. Bc4 Nxc3 7. bxc3 e6 8.
O-O Be7 9. Be3 O-O 10. Bd3 Qa5 11. Bg5 Bxg5 12. Nxg5 h6 13. Ne4 cxd4 14. Rb1 a6
15. cxd4 Nxd4 16. Nd6 Qc7 17. Bh7+ Kxh7 18. Qxd4 Qxc2 19. Rb3 f6 20. Rc3 Qxa2
21. Qd3+ f5 22. Rc7 Qb2 23. Rfc1 Rd8 24. Qg3 Qd4 25. h4 Rxd6 26. R1c4 Qd1+ 27.
Kh2 Rd7 28. Rxc8 Rxc8 29. Rxc8 Qd6 30. f4 Qd3 31. Qf2 Qd2 32. Qf1 b5 33. Rc6
Rd4 34. Kg3 Qe3+ 35. Qf3 Qe1+ 1-0

[Event "Tradewise Gibraltar ChallWk2"]
[Site "Gibraltar"]
[Date "2017.01.31"]
[Round "4.5"]
[White "Smith, Andrew Philip"]
[Black "Fawole, John Oyeyemi"]
[Result "0-1"]
[WhiteElo "2152"]
[BlackElo "2186"]
[PlyCount "138"]
[EventDate "2017.01.28"]
[EventType "swiss"]
[EventRounds "5"]
[EventCountry "GGB"]
[SourceTitle "BritBase"]
[Source "www.saund.co.uk"]
[SourceDate "2018.02.10"]
[SourceVersion "1"]
[SourceVersionDate "2018.02.10"]
[SourceQuality "1"]

1. e4 c5 2. Nf3 d6 3. d4 cxd4 4. Nxd4 Nf6 5. Nc3 a6 6. Bg5 Nbd7 7. Be2 Qc7 8.
O-O e6 9. f4 b5 10. a3 Bb7 11. Bf3 Be7 12. Kh1 O-O 13. Qe1 Nb6 14. Rd1 Rfe8 15.
Qg3 Nc4 16. e5 dxe5 17. fxe5 Nd7 18. Bxb7 Qxb7 19. Bh6 Bf8 20. Nf3 Kh8 21. Bc1
Be7 22. Rd4 f6 23. Rg4 Ncxe5 24. Rxg7 Rg8 25. Rxh7+ Kxh7 26. Qh4+ Kg7 27. Qh6+
Kf7 28. Qh7+ Rg7 29. Ng5+ Ke8 30. Qxg7 fxg5 31. Qh8+ Bf8 32. Bxg5 Nf7 33. Qh5
Nde5 34. Bf6 Bd6 35. Bxe5 Bxe5 36. Ne4 Qe7 37. h3 Rd8 38. Rxf7 Qxf7 39. Qxe5
Kf8 40. Ng5 Rd1+ 41. Kh2 Qd7 42. Nxe6+ Kf7 43. Qf5+ Ke7 44. Qg4 Qd6+ 45. Nf4
Rd4 46. Qg7+ Ke8 47. Qh8+ Kd7 48. Qh7+ Kc6 49. g3 Rd2+ 50. Ng2 Qd5 51. Qh6+ Kb7
52. Qg7+ Kc8 53. Qf8+ Kd7 54. Qg7+ Kc6 55. Qh6+ Kc7 56. Qg7+ Kb6 57. Qh6+ Kb7
58. Qh7+ Kc6 59. Qh6+ Kc5 60. Qe3+ Kd6 61. Qf4+ Kc6 62. Qh6+ Kb7 63. Qh7+ Kb6
64. Qh6+ Kc5 65. Qe3+ Kd6 66. Qh6+ Kd7 67. Qg7+ Kc8 68. Qf8+ Kb7 69. Qh6 Qxg2#
0-1

[Event "Tradewise Gibraltar ChallWk2"]
[Site "Gibraltar"]
[Date "2017.01.31"]
[Round "4.6"]
[White "Truran, Michael C"]
[Black "Amgalanbaatar, Ravdanlkhumbuu"]
[Result "1/2-1/2"]
[WhiteElo "2183"]
[BlackElo "1988"]
[PlyCount "103"]
[EventDate "2017.01.28"]
[EventType "swiss"]
[EventRounds "5"]
[EventCountry "GGB"]
[SourceTitle "BritBase"]
[Source "www.saund.co.uk"]
[SourceDate "2018.02.10"]
[SourceVersion "1"]
[SourceVersionDate "2018.02.10"]
[SourceQuality "1"]

1. d4 d6 2. e4 Nf6 3. f3 Nbd7 4. c4 e5 5. d5 Be7 6. Be3 O-O 7. Nc3 a5 8. Bd3 b6
9. Nge2 Nc5 10. Bc2 h6 11. Ng3 Nh7 12. Qd2 Bg5 13. O-O Bd7 14. b3 Bxe3+ 15.
Qxe3 Qg5 16. Qxg5 hxg5 17. Nb5 Rfc8 18. Nf5 Bxf5 19. exf5 Nf6 20. Rfe1 Nfd7 21.
Kf2 f6 22. h4 gxh4 23. Rh1 Na6 24. a3 Kf7 25. Rxh4 Rh8 26. Rah1 Rxh4 27. Rxh4
Ndc5 28. Ke3 Nb7 29. Kd2 Kg8 30. Kc3 Nd8 31. Bd3 Nf7 32. Bc2 Ng5 33. b4 Kf7 34.
Bd3 Ke7 35. Bc2 Nf7 36. Rh7 Rg8 37. Kb3 Nh6 38. Nc3 Kf7 39. g4 Rf8 40. g5 Kg8
41. g6 Nb8 42. Ne2 Nf7 43. Be4 Nd7 44. Rh1 Ng5 45. Nc3 Rb8 46. Nb5 Rb7 47. Rh2
Nb8 48. Ka4 Na6 49. Rh4 Nb8 50. Rh1 Na6 51. Rh4 Nb8 52. Rh1 1/2-1/2